| 000 | 01562nam a2200373 c 4500 | ||
|---|---|---|---|
| 999 |
_c93985 _d93985 |
||
| 003 | BLK | ||
| 005 | 20250614120528.0 | ||
| 008 | 180408b bul|||||r ||||||| ||bul|| | ||
| 010 | _aKNG00098803000 | ||
| 020 | _a978-954-26-0902-5 | ||
| 040 | _aBLK | ||
| 041 |
_aBUL _cBUL |
||
| 072 | 7 |
_2bullib _aН85 _xДетска художествена литература Н |
|
| 080 |
_aНемска литература _b821.112.2 _x-93-32 _z821.112.2-93-32 |
||
| 100 | 1 |
_aРаспе, Рудолф Ерих _eпърви автор _9115325 |
|
| 139 |
_aРаспе, Рудолф Ерих _bР 38 |
||
| 245 | 1 | 0 |
_aПътешествията на барон Мюнхаузен _cРудолф Ерих Распе; прев. Маргарита Месроб Дограмаджян; ил. Борис Николов Стоилов. |
| 257 | _aDEU | ||
| 260 |
_bХермес _c2010 _fХасково : Полиграфюг |
||
| 300 |
_a160 с. _bс ил. _c20 см |
||
| 380 | _aDX | ||
| 490 |
_aЗлатно перо : Детско-юношеска класика _9201323 |
||
| 500 | _aОриг. загл. The Adventures of baron Munchausen / Rudolf Erich Raspe. | ||
| 659 | _aН | ||
| 700 | 1 |
_aДограмаджян, Маргарита Месроб _eпрев. _963864 |
|
| 700 |
_aСтоилов, Борис Николов _eил. _9245570 |
||
| 852 | _aЦб 250391 | ||
| 856 | 4 | _qpdf | |
| 856 | 4 | _qpdf | |
| 942 |
_cKNG _n0 _042 _s1 |
||
| 944 |
_aCR _c16.12.2010 _lВиолета Тройчева _k30552 |
||
| 944 |
_aED _c10.01.2014 _lф / |
||
| 999 | _d93985 | ||